Central Library OPAC University of Rajshahi

Building state capacity in Africa : (Record no. 62080)

MARC details
000 -LEADER
fixed length control field 01147nam a2200325 a 4500
001 - CONTROL NUMBER
control field 62080
003 - CONTROL NUMBER IDENTIFIER
rucl marc code BD-RjUL
005 - DATE AND TIME OF LATEST TRANSACTION
control field 20211209081036.0
008 - FIXED-LENGTH DATA ELEMENTS--GENERAL INFORMATION
fixed length control field 170122s2004 dcua b i001 0 eng d
020 ## - INTERNATIONAL STANDARD BOOK NUMBER
International Standard Book Number 0821360000 (pbk.)
International Standard Book Number 0821360019
035 ## - SYSTEM CONTROL NUMBER
System control number (BD-RjUL)62205
040 ## - CATALOGING SOURCE
Original cataloging agency BD-RjUL
Transcribing agency BD-RjUL
Modifying agency BD-RjUL
Language of cataloging eng
041 ## - LANGUAGE CODE
Language code of text/sound track or separate title eng
082 00 - DEWEY DECIMAL CLASSIFICATION NUMBER
Classification number 320.6096
Edition number 23
Author mark and year BUI 2004
245 00 - TITLE STATEMENT
Title Building state capacity in Africa :
Remainder of title new approaches, emerging lessons /
Statement of responsibility, etc. edited by Brian Levy, Sahr Kpundeh.
260 ## - PUBLICATION, DISTRIBUTION, ETC. (IMPRINT)
Place of publication, distribution, etc. Washington, DC :
Name of publisher, distributor, etc. World Bank,
Date of publication, distribution, etc. 2004.
300 ## - PHYSICAL DESCRIPTION
Pagination xiii, 377 p. :
Illustrations ill. ;
Size 24 cm.
504 ## - BIBLIOGRAPHY, ETC. NOTE
Bibliography, etc Includes bibliographical references and index.
650 #0 - SUBJECT ADDED ENTRY--TOPICAL TERM
Topical term or geographic name as entry element Infrastructure (Economics)
Geographic subdivision Africa.
9 (RLIN) 184682
651 #0 - SUBJECT ADDED ENTRY--GEOGRAPHIC NAME
Geographic name Africa
General subdivision Politics and government
Chronological subdivision 1960-
9 (RLIN) 184683
Geographic name Africa
General subdivision Economic policy.
9 (RLIN) 184684
Geographic name Africa
General subdivision Economic conditions
Chronological subdivision 1960-
9 (RLIN) 184685
Geographic name Africa
General subdivision Social policy.
9 (RLIN) 184686
700 1# - ADDED ENTRY--PERSONAL NAME
Personal name Levy, Brian,
Dates associated with a name 1954-
Personal name Kpundeh, Sahr John.
830 ## - SERIES ADDED ENTRY--UNIFORM TITLE
Uniform title WBI development studies
942 ## - ADDED ENTRY ELEMENTS (KOHA)
Source of classification or shelving scheme Dewey Decimal Classification
Koha item type Books
Holdings
Lost status Source of classification or shelving scheme Damaged status Not for loan Collection code Permanent Location Current Location Shelving location Date acquired Source of acquisition Total Checkouts Full call number Date last seen Copy number Koha item type
  Dewey Decimal Classification   Not For Loan Non-fiction Central Library, University of Rajshahi Central Library, University of Rajshahi Reading Room 21/04/2007 Japan Embassy   320.6096 BUI 2004 22/01/2017 C-1 Books